Normal view
MARC view
Entry Personal Name
001 - CONTROL NUMBER
- control field: 59412
003 - CONTROL NUMBER IDENTIFIER
- control field: OSt
005 - DATE AND TIME OF LATEST TRANSACTION
- control field: 20260223123928.0
008 - FIXED-LENGTH DATA ELEMENTS
- fixed length control field: 260223|| aca||aabn | a|a d
040 ## - CATALOGING SOURCE
- Original cataloging agency: OSt
- Transcribing agency: OSt
100 ## - HEADING--PERSONAL NAME
- Personal name: Khan, Abu Daud Lutful Zamir and Rubel, Mohammad Rabiul Basher
670 ## - SOURCE DATA FOUND
- Source citation: Work cat.: (OSt)528040: Khan, Abu Daud Lutful Zamir and Rubel, Mohammad Rabiul Basher , Moderating role of gender and job position in the relationship between compensation practice and organizational citizenship behaviour
